000 00621nam a2200217 a 4500
999 _c1351
_d1351
008 191220t2012 xxua|||g |||| 00| 0 eng d
020 _a9780821389379
_c$ 39.95
040 _aKO
_beng
041 0 _aeng
044 _axxu
082 0 4 _223
_a382.63
_bR2773
100 1 _aReis, Jose Guilherme
245 1 0 _aTrade Competitiveness Diagnostic Toolkit /
_cJose Guilherme Reis and Thomas Farole
260 _aWashington DC :
_bThe World Bank ,
_c2012.
300 _axviii, 198 p. :
_bill. ;
_c28 cm
650 0 _aForeign trade promotion
700 _aFarole, Thomas
_eaut
904 _aA_BOSE
942 _cBK